Casas 20 Houses: (Record no. 587620)

000 -LEADER
fixed length control field 00438nam a22001577a 4500
020 ## - INTERNATIONAL STANDARD BOOK NUMBER
International Standard Book Number 9789709726886
040 ## - CATALOGING SOURCE
Transcribing agency NUST
082 ## - DEWEY DECIMAL CLASSIFICATION NUMBER
Classification number 728.8 CAR
100 ## - MAIN ENTRY--PERSONAL NAME
Personal name Carranza Valles, Alex
9 (RLIN) 88438
110 ## - MAIN ENTRY--CORPORATE NAME
Corporate name or jurisdiction name as entry element Ruíz Díaz,Gerardo
9 (RLIN) 88752
245 ## - TITLE STATEMENT
Title Casas 20 Houses:
Remainder of title Carranza & Ruiz Arquitects
250 ## - EDITION STATEMENT
Edition statement 1st Edition
260 ## - PUBLICATION, DISTRIBUTION, ETC.
Place of publication, distribution, etc. México :
Name of publisher, distributor, etc. AM Editores,
Date of publication, distribution, etc. 2008.
650 ## - SUBJECT ADDED ENTRY--TOPICAL TERM
Topical term or geographic name entry element Carranza y Ruiz Arquitectos.
9 (RLIN) 88753
942 ## - ADDED ENTRY ELEMENTS (KOHA)
Source of classification or shelving scheme
Koha item type Book
Holdings
Withdrawn status Lost status Source of classification or shelving scheme Damaged status Not for loan Permanent Location Current Location Shelving location Date acquired Total Checkouts Full call number Barcode Date last seen Price effective from Koha item type
          College of Electrical & Mechanical Engineering (CEME) College of Electrical & Mechanical Engineering (CEME) General Stacks 01/17/2022   728.8 CAR CEME-50558 01/17/2022 01/17/2022 Book
© 2023 Central Library, National University of Sciences and Technology. All Rights Reserved.